书目信息 |
| 题名: |
影视心理学
|
|
| 作者: | W.舒里安 著 ;罗悌伦 译 | |
| 分册: | ||
| 出版信息: | 成都 四川人民出版社 1998.1 |
|
| 页数: | 271页 | |
| 开本: | 32开 | |
| 丛书名: | ||
| 单 册: | ||
| 中图分类: | J90-05 | |
| 科图分类: | ||
| 主题词: | 影视心理学 | |
| 电子资源: | ||
| ISBN: | 7-220-03835-6 | |
| 000 | 00547nam0 2200205 45 | |
| 001 | 0006270962 | |
| 005 | 20031219104045.7 | |
| 010 | @a7-220-03835-6@dCNY15.00 | |
| 100 | @a20000627d1998 km y0chiy0120 ea | |
| 101 | @achi | |
| 105 | @a z 000yy | |
| 200 | 1 | @a影视心理学@f(德)W.舒里安著@g罗悌伦译 |
| 210 | @a成都@c四川人民出版社@d1998.1 | |
| 215 | @a271页@c插图@d32开 | |
| 606 | 0 | @a影视心理学 |
| 690 | @aJ90-05@v1 | |
| 701 | @aW.舒里安@4著 | |
| 702 | 0 | @a罗悌伦@ALuo Ti Lun@4译 |
| 801 | @aCN@bTSTC@c20000627 | |
| 905 | @f1@b289352@dJ90-05@e59 | |
| 影视心理学/(德)W.舒里安著/罗悌伦译.-成都:四川人民出版社,1998.1 |
| 271页:插图;32开 |
| ISBN 7-220-03835-6:CNY15.00 |
| ● |
| 相关链接 |
|
|
|
|
正题名:影视心理学
索取号:J90-05/59
 
预约/预借
| 序号 | 登录号 | 条形码 | 馆藏地/架位号 | 状态 | 备注 |
| 1 | 0289352 | 002893523 | 第一样本阅览室/ [索取号:J90-05/59] | 在馆 |